| 000 | 00638nam a2200217 u 4500 | ||
|---|---|---|---|
| 005 | 20210223132911.0 | ||
| 008 | 160502s2011 r 000 0 eng d | ||
| 020 | _a9781432942960 | ||
| 035 | _aUPN01000210041 | ||
| 049 | _aI | ||
| 050 | 4 |
_aQP151 _bG8.6 |
|
| 100 | 1 |
_aGuillain, Charlotte _938895 |
|
| 245 | 1 | 0 |
_aNuestros estómagos / _cCharlotte Guillain. |
| 260 |
_aChicago, (E.U.A.) : _bHeinemann Library, _c2011. |
||
| 300 |
_a24 p. : _bil. col. |
||
| 440 | 0 | _aNuestros cuerpos | |
| 650 | 4 |
_aESTOMAGO - _vLITERATURA JUVENIL _924874 |
|
| 650 | 4 |
_aDIGESTION - _vLITERATURA JUVENIL _924875 |
|
| 905 | _aInfantil | ||
| 999 |
_c182142 _d182142 |
||